| 000 | 00890nam0a22002771 4500 | ||
|---|---|---|---|
| 001 | rc\2773519 | ||
| 005 | 20250806204511.0 | ||
| 035 | _a(NLR Aleph) 006899844 | ||
| 090 |
_a29177 _c29177 |
||
| 100 | _a20110915d1941 u y0rusy50 ca | ||
| 101 | 0 | _arus | |
| 102 | _aRU | ||
| 105 | _ay z ||||| | ||
| 200 | 1 |
_aПатриоты _fБ. Ромашов _gМуз. П. Чаплеевского |
|
| 210 |
_aМосква _cОтд. распространения ВУОАП _d1941 |
||
| 215 |
_a16, [1] с. _d20 см. |
||
| 300 | _aСтеклогр. | ||
| 700 | 1 |
_aРомашов _bБ.С. _f1895-1958 _gБорис Сергеевич |
|
| 702 | 1 |
_aЧаплеевский _bП. _4230 |
|
| 801 | 0 |
_aRU _bNLR _gpsbo |
|
| 801 | 1 |
_aRU _bELAR _2rusmarc |
|
| 852 |
_aNLR _jЛ30 Г-4/265 |
||
| 942 | _cBOOK | ||
| 945 | _aРоссийская национальная библиотека | ||
| 980 | _aNB | ||
| 980 | _aBV | ||